000 00914nam a2200241 a 4500
001 49671
003 BD-RjUL
005 20211209054718.0
008 160822s1984 bg ||||| |||| 00| f ben d
020 _c: Tk. 30.00
035 _a(BD-RjUL) 49791
040 _aBD-RjUL
_bben
_cBD-RjUL
041 _aben
082 _223
_a832
_bBRJ 1984
100 1 _aব্রেশট, বার্টোল্ট
_9148937
245 1 0 _aজননী সাহসিকা /
_cবার্টোল্ট ব্রেশট ; কবীর চৌধুরী, অনুুবাদক
260 _aঢাকা :
_bবাংলা একাডেমী,
_c১৯৮৪
300 _a১১০ পৃ. ;
_c২১ সেমি.
650 _aজার্মান ‍নাটক
_9148938
650 _aGerman Drama
_9148939
700 _aচৌধুরী, কবীর, অনুুবাদক
_9123922
942 _2ddc
_cBK
999 _c49671
_d49671